[Event "POL-chT4 Slaskie"]
[Site "Poland"]
[Date "2008.05.17"]
[Round "7.31"]
[White "Kasperlik, Adam"]
[Black "Witoszek, Tadeusz"]
[Result "0-1"]
[WhiteElo "2014"]
[BlackElo "1990"]
[PlyCount "64"]
[EventDate "2008.02.10"]
[EventType "team-swiss"]
[EventRounds "9"]
[EventCountry "POL"]
[SourceTitle "EXT 2019"]
[Source "ChessBase"]
[SourceDate "2018.10.10"]
[SourceVersion "1"]
[SourceVersionDate "2018.10.10"]
[SourceQuality "1"]

1. c4 g6 2. Nc3 Bg7 3. d4 Nf6 4. g3 0-0 5. Bg2 d6 6. Nf3 Nbd7 7. 0-0 c6 8. Bg5 h6 9. Bf4 Nh5 10. Bd2 e5 11. dxe5 dxe5 12. Ne4 Qe7 13. Bc3 f5 14. Nd6 e4 15. Bxg7 Nxg7 16. Nxc8 Raxc8 17. Nd4 Ne5 18. Qb3 Kh7 19. Qc3 Rcd8 20. Rfd1 Rd7 21. Nc2 Rfd8 22. Ne3 Rxd1+ 23. Rxd1 Rxd1+ 24. Nxd1 a5 25. Qd4 Ng4 26. Ne3 Nxe3 27. Qxe3 Qb4 28. Qd4 b5 29. f3 c5 30. Qe3 exf3 31. Bxf3 bxc4 32. Bd5 Qxb2 0-1

[Event "POL-chT4 Slaskie"]
[Site "Poland"]
[Date "2008.04.13"]
[Round "6.13"]
[White "Witoszek, Tadeusz"]
[Black "Nowakowski, Sebastian"]
[Result "1-0"]
[WhiteElo "1990"]
[BlackElo "1870"]
[PlyCount "67"]
[EventDate "2008.02.10"]
[EventType "team-swiss"]
[EventRounds "9"]
[EventCountry "POL"]
[SourceTitle "EXT 2019"]
[Source "ChessBase"]
[SourceDate "2018.10.10"]
[SourceVersion "1"]
[SourceVersionDate "2018.10.10"]
[SourceQuality "1"]

1. d4 f5 2. Nf3 e6 3. c4 d5 4. e3 Nf6 5. Be2 Be7 6. 0-0 0-0 7. Ne5 Nbd7 8. b3 c6 9. Bb2 Qe8 10. Nd2 g5 11. f3 f4 12. Nxd7 Bxd7 13. e4 Qh5 14. e5 Ne8 15. Rf2 Ng7 16. Nf1 Nf5 17. Bd3 Qf7 18. Rc1 h5 19. g3 Kh8 20. Qe2 Nh6 21. Re1 g4 22. cxd5 cxd5 23. Bc1 fxg3 24. hxg3 gxf3 25. Qd2 Ng4 26. Nh2 Qg7 27. Nxg4 Bb4 28. Qxb4 Qxg4 29. Kh2 h4 30. Rg1 Rg8 31. Bf4 Raf8 32. Qe7 Qh5 33. g4 Qf7 34. Qxh4+ 1-0

[Event "POL-chT3 Liga Slaska"]
[Site "Poland"]
[Date "2007.02.11"]
[Round "3"]
[White "Witoszek, Tadeusz"]
[Black "Piesik, Piotr"]
[Result "1/2-1/2"]
[WhiteElo "2055"]
[BlackElo "1909"]
[PlyCount "138"]
[EventDate "2007.01.28"]
[EventType "team-swiss"]
[EventRounds "9"]
[EventCountry "POL"]
[SourceTitle "EXT 2011"]
[Source "ChessBase"]
[SourceDate "2010.11.26"]
[SourceVersion "1"]
[SourceVersionDate "2010.11.26"]
[SourceQuality "1"]
[WhiteTeam "Boguszowice Zefir"]
[BlackTeam "Czestochowa UKS Hetman"]
[WhiteTeamCountry "POL"]
[BlackTeamCountry "POL"]

1. d4 c5 2. c3 cxd4 3. cxd4 d5 4. Nc3 Nf6 5. g3 Bf5 6. Bg2 e6 7. Nf3 h6 8. Qb3 Qb6 9. Qxb6 axb6 10. Bf4 Nc6 11. a3 Be7 12. Bc7 Nd7 13. 0-0 Na5 14. Nd2 Rc8 15. Nb5 0-0 16. Rac1 Nc6 17. e4 dxe4 18. Bxe4 Bd8 19. Bxd8 Rcxd8 20. Bxf5 exf5 21. d5 Nce5 22. Rc7 Nf6 23. d6 Ne8 24. Rxb7 Nxd6 25. Nxd6 Rxd6 26. Nb1 Rc8 27. Nc3 f4 28. Ne4 Rd4 29. Nc3 Nc4 30. Ne2 Rd6 31. Nxf4 Nxb2 32. Rb1 Rc2 33. Rb8+ Kh7 34. Re1 Nd3 35. Nxd3 Rxd3 36. Rxb6 Rxa3 37. Rb7 Kg6 38. Rb6+ Kh7 39. Rb7 Kg6 40. h3 Raa2 41. Rf1 Rab2 42. Rxb2 Rxb2 43. Kg2 Kf6 44. Rc1 g6 45. Rc6+ Kg7 46. Rc7 Kf6 47. g4 Rb4 48. Kg3 Rb3+ 49. f3 g5 50. Rc5 Kg6 51. Rc6+ Kg7 52. Rd6 Ra3 53. Rd5 Kg6 54. Re5 Rb3 55. Re1 Rc3 56. Rf1 Rc4 57. h4 gxh4+ 58. Kxh4 h5 59. Kg3 hxg4 60. fxg4 f6 61. Rf3 Kg5 62. Rf5+ Kg6 63. Rb5 Rc3+ 64. Kh4 Ra3 65. Rb6 Rc3 66. Rb8 Ra3 67. Rg8+ Kf7 68. Rh8 Kg7 69. Rc8 Kg6 1/2-1/2

[Event "POL-chT3 Liga Slaska"]
[Site "Poland"]
[Date "2007.01.28"]
[Round "1"]
[White "Jonczyk, Jerzy"]
[Black "Witoszek, Tadeusz"]
[Result "1-0"]
[WhiteElo "2183"]
[BlackElo "2055"]
[PlyCount "100"]
[EventDate "2007.01.28"]
[EventType "team-swiss"]
[EventRounds "9"]
[EventCountry "POL"]
[SourceTitle "EXT 2011"]
[Source "ChessBase"]
[SourceDate "2010.11.26"]
[SourceVersion "1"]
[SourceVersionDate "2010.11.26"]
[SourceQuality "1"]
[WhiteTeam "Lubliniec LKS Sparta"]
[BlackTeam "Boguszowice Zefir"]
[WhiteTeamCountry "POL"]
[BlackTeamCountry "POL"]

1. d4 d5 2. Nf3 Nf6 3. Bf4 e6 4. e3 Bd6 5. Bg5 h6 6. Bh4 Be7 7. Nbd2 0-0 8. Bd3 Nbd7 9. 0-0 c5 10. c3 c4 11. Bc2 a6 12. e4 dxe4 13. Nxe4 Nxe4 14. Bxe7 Qxe7 15. Bxe4 Nf6 16. Qe2 Qc7 17. Ne5 Nxe4 18. Qxe4 Bd7 19. Rad1 Rac8 20. h3 Bc6 21. Nxc6 Qxc6 22. Qxc6 Rxc6 23. f4 g6 24. d5 exd5 25. Rxd5 Re8 26. f5 g5 27. Rf2 Kg7 28. Rfd2 Rec8 29. Kf2 Rc5 30. g4 Rxd5 31. Rxd5 Rc6 32. Ke3 Rb6 33. Rd2 Kf6 34. Ke4 Rc6 35. a4 Ke7 36. Ke5 Rc5+ 37. Rd5 Rc6 38. a5 f6+ 39. Kd4 b5 40. axb6 Rxb6 41. Ra5 Rxb2 42. Rxa6 Rh2 43. Ra7+ Kf8 44. Kd5 Rxh3 45. Ke6 Rxc3 46. Kxf6 Ke8 47. Kg7 h5 48. f6 Rf3 49. f7+ Rxf7+ 50. Rxf7 hxg4 1-0